000 00666nam a2200181 a 4500
005 20240830063846.0
008 991125s1965 mx 000 0 spa u
035 _aUPN01000010722
049 _aCG
050 4 _aLB1625
_bC66
245 0 0 _aConclusiones y recomendaciones sobre la educación media formuladas en seminarios y reuniones interamericanas (educación media; educación secundaria; educación técnica).
260 _aMéxico :
_bSEP :
_bUnión Panamericana,
_c1965.
300 _a73 p.
440 0 _aDocumento ;
_v2
500 _a"Reunión técnica sobre planeamiento de la educación media"
650 7 _aEducación secundaria
_2
_94281
905 _aLibro
999 _c10722
_d10722